=LDR 00000nam 2200000 4500 =001 NUTBA000000000000456 =005 20210610022258 =035 ##$$a 0010-031400000000455 =008 210610################g##########0#ind## =020 ##$$a 979-3465-03-4 =082 ##$$a 341.481 =245 ##$$a Demokrasi hak asasi manusia msyarakat madni /$c Tim Icce UIN Jakarta =250 ##$$a cet. 2 =260 ##$$a Jakarta :$b Prenada Media,$c 2005 =300 ##$$a xxi, 352 hlm. ; $c 25 x 18 cm. =850 ##$$a NBPNMAT =084 ##$$a 341.481 DEM =650 #4$$a Demokrasi Hak Asasi Manusia =520 ##$$a Indeks hlm. 339-348 =520 ##$$a Biografi hlm. 349-351 =990 ##$$a 91319/BPAP-NTB/2014 =990 ##$$a 21196515/BPAP-NTB/2014 =990 ##$$a 21603219/BPAP-NTB/2017 =990 ##$$a 20612235 =990 ##$$a 21196515/BPAP-NTB/2014 =990 ##$$a 21603219/BPAP-NTB/2017 =990 ##$$a 20612233 =990 ##$$a 20612235